Kto sa práve nerodí, umiera Príručka pre pomáhajúcich dobrovoľníkov pri pokojnom a dôstojnom umieraní

Bibliographic Details
Main Authors: Mižičková, Ľubica (Author), Surovcová, Anna (Author)
Format: Article
Language:Slovak
PhysicalDescription:Obr., tab.
ISSN:1335-8340
Subjects:

MARC

LEADER 00000nab a2200000 a 4500
001 vtls008875620
003 SK-MaSNL
005 20260304171859.0
008 040806c2005 xo 0 slo
015 |a SNBCL2005/5 
035 |a SLK037029 
040 |a SLKCL  |b slo  |c SNKBUCL  |e AACR2 
041 1 |a slo 
044 |a xo  |c SK 
080 |a 616-036.88:369.022.7:159.9  |2 1981 
100 1 |a Mižičková, Ľubica  |4 aut  |9 442061 
245 1 0 |a Kto sa práve nerodí, umiera  |b Príručka pre pomáhajúcich dobrovoľníkov pri pokojnom a dôstojnom umieraní  |c Ľubica Mižičková, Anna Surovcová 
300 |b Obr., tab. 
504 |a Bibliogr. odkazy 
650 0 7 |a pacient v terminálnom štádiu  |2 MESH  |9 1500812 
650 0 7 |a pracovníci dobrovoľní  |2 MESH  |9 1113877 
650 0 7 |a terminálna starostlivosť  |2 MESH  |9 256220 
650 0 7 |a smrť  |2 MESH  |9 2593 
650 0 7 |a komunikácia  |2 MESH  |9 1362 
650 0 7 |a rodina  |2 MESH  |9 4138 
650 0 7 |a psychologický stres  |2 MESH  |9 4285 
700 1 |a Surovcová, Anna  |4 aut  |9 442062 
773 0 |w SERIAL_GENERAL*000273*2005*005*002  |x 1335-8340  |t INFO CF  |g Č. 15 s príručkou Kto sa práve nerodí, umiera (2005), príl. s. 1-59 
850 |a Slovenská lekárska knižnica v Bratislave  |a BA006 
852 |a BA006  |b KIS3GCP  |b 000500000 
999 |c 2995418  |d 2997348